| 000 | 01937nam a2200361 i 4500 | ||
|---|---|---|---|
| 001 | 768714001 | ||
| 003 | CO-MdFUSB | ||
| 005 | 20251111122539.0 | ||
| 007 | ta | ||
| 008 | 251111t1974 sp |||| |||| 00| 0 spa d | ||
| 020 | _a84-7228-140-X | ||
| 040 |
_aCO-MdFUSB _bspa _cCO-MdFUSB _dCO-MdFUSBC _erda |
||
| 041 |
_aspa _heng |
||
| 082 |
_223 _a268.432 _bM936 |
||
| 100 |
_aMow, Anna B., _eautor |
||
| 240 | _aYour Child. from birth to rebirth | ||
| 245 |
_aVuestro hijo : _bdel nacimiento al nuevo nacimiento _c/ Anna B. Mow ; traducido por Agustín Gil Lasierra |
||
| 246 |
_aTu hijo : _bdel nacimiento al nuevo nacimiento |
||
| 264 | 1 |
_bClie, _aBarcelona, España : _c[1974] |
|
| 264 | 4 | _c©1974 | |
| 300 |
_a221 páginas _c; 18 cm |
||
| 336 |
_2rdacontent _atexto _btxt |
||
| 337 |
_2rdamedia _asin mediación _bn |
||
| 338 |
_2rdacarrier _avolumen _bnc |
||
| 500 | _aCómo educar a los niños y prepararles para una vida cristiana de comunión con Dios. | ||
| 505 |
_gPrimera parte: _tVosotros y vuestros hijos: _aVuestra parte en la respuesta de un niño. -- Vuestro hijo en el hogar. -- Vuestro hijo en la iglesia. -- El dilema del educador cristiano. -- Dejad que los niños vengan a mi. _gSegunda parte: _tPreparación para el renacimiento: _aEl amor para la comunión. -- La imaginación para la fe. -- Eligiendo con convicción. -- Disciplina en la responsabilidad de las decisiones. -- La mente disciplinada para el discernimiento de la verdad. -- La reverencia hacia el culto. -- El objetivo de la preparación: el carácter cristiano. -- El secreto del desarrollo del carácter _gTercera parte: _tEl don de la vida: _aEl nuevo nacimiento. -- Responsabilidad de los adultos en la familia de Dios. |
||
| 563 | _aRústico | ||
| 650 | 7 |
_aEducación cristiana _9349 |
|
| 650 | 7 |
_aEducación cristiana de adolescentes _97016 |
|
| 700 |
_aGil Lasierra, Agustín, _912029 _etraductor |
||
| 942 | _cBK | ||
| 945 | _aJTF-925 | ||
| 999 |
_c71500 _d71500 |
||